Normal view
MARC view
- Curtis, C. Michael
Entry Personal Name
001 - CONTROL NUMBER
- control field: 81874
003 - CONTROL NUMBER IDENTIFIER
- control field: NUST
005 - DATE AND TIME OF LATEST TRANSACTION
- control field: 20210828093824.0
008 - FIXED-LENGTH DATA ELEMENTS
- fixed length control field: 210828|| aca||aabn | a|a d
040 ## - CATALOGING SOURCE
- Original cataloging agency: NUST
- Transcribing agency: NUST
100 ## - HEADING--PERSONAL NAME
- Personal name: Curtis, C. Michael
670 ## - SOURCE DATA FOUND
- Source citation: Work cat.: (NUST)0: Faith :, 2003.
